000 01001nam a22003017a 4500
001 8033
003 FISKH
005 20250828145219.0
008 250819b cb ||||| |||| 00| 0 eng d
020 _a9780590465984
040 _aFISKH
_beng
_cFISKH
_dFISKH
050 _aPZ7.C8358 I
082 _a813
100 _aCowen-Fletcher, Jane
245 _aIt takes a village /
_cWritten and Illustrated by Jane Cowen-Fletcher
250 _aThis edition first published in 1994
260 _aNew York :
_bScholastic,
_c1994
300 _a30 unnumbered pages :
_bcolor illustration ;
_c26 cm
505 _aG
520 _aOn market day in a small village in Benin, Yemi tries to watch her little brother Kokou and finds that the entire village is watching out for him too.
521 8 _a390
_bLexile
521 8 _aG
_bRaz-Plus
650 _2Benin
_aAfrican
650 _2Community
_aMulticultural
700 _aCowen-Fletcher, Jane
_dillustrator
942 _2ddc
_cBK
_n0
999 _c8033
_d8033